Statistiken für Schweizer Gemeinden Steinerberg-Zwischbergen

Klicken Sie hier um das Quiz zu spielen!

Allgemein

  • Dieses Quiz wurde 27 mal gespielt
    (14 seit der letzten Aktualisierung)
  • Das Durchschnittsergebnis liegt bei 145 aus 358

Antwortstatistiken

GemeindeKanton% Korrekt
SteinerbergSZ
100%
SteinhausenZG
83%
SulgenTG
83%
TentlingenFR
83%
ThayngenSH
83%
TuggenSZ
83%
UerkheimAG
83%
UlmizFR
83%
UnteribergSZ
83%
UnterschächenUR
83%
UntervazGR
83%
UrdorfZH
83%
UrnäschAR
83%
UsterZH
83%
UzwilSG
83%
Val-de-CharmeyFR
83%
Val-de-RuzNE
83%
Val-de-TraversNE
83%
Val-d'IlliezVS
83%
Val MüstairGR
83%
Val TerbiJU
83%
Vaz/ObervazGR
83%
VeysonnazVS
83%
WädenswilZH
83%
WalchwilZG
83%
WaldAR | BE | ZH
83%
WallisellenZH
83%
WassenUR
83%
WeesenSG
83%
WiesendangenZH
83%
WilSG | ZH
83%
WillisauLU
83%
WollerauSZ
83%
WorbBE
83%
WorbenBE
83%
Yverdon-les-BainsVD
83%
ZizersGR
83%
ZufikonAG
83%
ZugZG
83%
ZunzgenBL
83%
ZürichZH
83%
ZwischbergenVS
83%
Stocken-HöfenBE
67%
StudenBE
67%
SumiswaldBE
67%
TafersFR
67%
TeufenAR
67%
ThalSG
67%
TherwilBL
67%
TramelanBE
67%
TriengenLU
67%
TrimbachSO
67%
TrogenAR
67%
TroistorrentsVS
67%
TrüllikonZH
67%
TruttikonZH
67%
TujetschGR
67%
UdligenswilLU
67%
UeberstorfFR
67%
UetendorfBE
67%
UnterägeriZG
67%
UnterbächVS
67%
UrsyFR
67%
VillmergenAG
67%
VispVS
67%
VisperterminenVS
67%
VitznauLU
67%
VolkenZH
67%
VolketswilZH
67%
WalenstadtSG
67%
WeggisLU
67%
WilaZH
67%
WilenTG
67%
WohlenAG
67%
Wohlen bei BernBE
67%
WolfenschiessenNW
67%
Wünnewil-FlamattFR
67%
ZäziwilBE
67%
ZellLU | ZH
67%
ZofingenAG
67%
ZollikonZH
67%
ZuchwilSO
67%
ZumikonZH
67%
ZuozGR
67%
SuchyVD
50%
SurseeLU
50%
ThalwilZH
50%
ThônexGE
50%
ThunBE
50%
TrinGR
50%
TrunGR
50%
TurbenthalZH
50%
Uesslingen-BuchTG
50%
UitikonZH
50%
UntereggenSG
50%
UnterengstringenZH
50%
UnterkulmAG
50%
UnterseenBE
50%
UznachSG
50%
VaulruzFR
50%
VernierGE
50%
VeveyVD
50%
Villars-EpeneyVD
50%
Villars-le-ComteVD
50%
Villars-le-TerroirVD
50%
Villars-Sainte-CroixVD
50%
Villars-sous-YensVD
50%
Villars-sur-GlâneFR
50%
VilligenAG
50%
Vufflens-la-VilleVD
50%
Vufflens-le-ChâteauVD
50%
Vully-les-LacsVD
50%
WaldkirchSG
50%
WaldstattAR
50%
WangenSZ
50%
Wangen an der AareBE
50%
Wangen bei OltenSO
50%
Wangen-BrüttisellenZH
50%
WauwilLU
50%
WeinfeldenTG
50%
WettingenAG
50%
Wettswil am AlbisZH
50%
WetzikonZH
50%
WigoltingenTG
50%
Wildhaus-Alt St.JohannSG
50%
Wiler bei UtzenstorfBE
50%
Wiler (Lötschen)VS
50%
WimmisBE
50%
WindischAG
50%
WintersingenBL
50%
WinterthurZH
50%
WolfhaldenAR
50%
WolhusenLU
50%
WürenlosAG
50%
ZermattVS
50%
ZernezGR
50%
ZollikofenBE
50%
ZweisimmenBE
50%
StettenAG | SH
33%
StettlenBE
33%
StrengelbachAG
33%
SubingenSO
33%
SufersGR
33%
SumvitgGR
33%
SursesGR
33%
TägerigAG
33%
TägerwilenTG
33%
TannayVD
33%
TäschVS
33%
TavannesBE
33%
TecknauBL
33%
TennikenBL
33%
Ternero-ContraTI
33%
TeufenthalAG
33%
ThalheimAG
33%
Thalheim an der ThurZH
33%
ThundorfTG
33%
ThunstettenBE
33%
ThürnenBL
33%
ThusisGR
33%
TittertenBL
33%
Tobel-TägerschenTG
33%
TolochenazVD
33%
TörbelVS
33%
TornyFr
33%
TrachselwaldBE
33%
TrasadingenSH
33%
TreyVD
33%
TrimmisGR
33%
TrubBE
33%
TrubschachenBE
33%
TurgiAG
33%
Turtmann-UnteremsVS
33%
UekenAG
33%
UezwilAG
33%
UfhusenLU
33%
UnterentfeldenAG
33%
UnterlangeneggBE
33%
UnterlunkhofenAG
33%
UrsenbachBE
33%
UrsinsVD
33%
Urtenen-SchönbühlBE
33%
UttwilTG
33%
UtzenstorfBE
33%
ValsGR
33%
VandoeuvresGE
33%
VechigenBE
33%
VeltheimAG
33%
VersoixGE
33%
VeyrierGE
33%
VeziaTI
33%
VichVD
33%
Vico MorcoteTI
33%
VillarzelVD
33%
Villaz-Saint-PierreFR
33%
VillnachernAG
33%
Vilters-WangsSG
33%
VordemwaldAG
33%
VorderthalSZ
33%
Vuisternens-devant-RomontFR
33%
WagenhausenTG
33%
WahlenBL
33%
WaldenburgBL
33%
WalkringenBE
33%
WallbachAG
33%
Walliswil bei NiederbippBE
33%
Walliswil bei WangenBE
33%
WaltenschwilAG
33%
WalterswilBE | SO
33%
WalzenhausenAR
33%
WängiTG
33%
Warth-WeiningenTG
33%
WegenstettenAG
33%
WeiachZH
33%
WeiningenZH
33%
WengiBE
33%
WerthensteinLU
33%
WichtrachBE
33%
WidnauSG
33%
WikonLU
33%
WilderswilBE
33%
WileroltigenBE
33%
WilibergAG
33%
WinkelZH
33%
WislikofenAG
33%
WittenbachSG
33%
WittinsburgBL
33%
WittnauAG
33%
WohlenschwilAG
33%
WölflinswilAG
33%
WolfwilSO
33%
WürenlingenAG
33%
WynauBE
33%
WynigenBE
33%
YensVD
33%
YvonandVD
33%
YvorneVD
33%
ZeihenAG
33%
ZeiningenAG
33%
ZeneggenVS
33%
ZullwilSO
33%
ZuzgenAG
33%
ZwingenBL
33%
SteinmaurZH
17%
StettfurtTG
17%
StüsslingenSO
17%
SuhrAG
17%
SullensVD
17%
SurpierreFR
17%
SuscévazVD
17%
Sutz-LattrigenBE
17%
SyensVD
17%
TaminsGR
17%
TartegninVD
17%
TäuffelenBE
17%
TegerfeldenAG
17%
TermenVS
17%
TeuffenthalBE
17%
TévenonVD
17%
ThierachernBE
17%
ThörigenBE
17%
ToffenBE
17%
Torricella-TaverneTI
17%
TreitenBE
17%
TrélexVD
17%
TreycovagnesVD
17%
Treytorrens (Payerne)VD
17%
TreyvauxFR
17%
TrientVS
17%
TroinexGE
17%
TschappinaGR
17%
Tschiertschen-PradenGR
17%
TübachSG
17%
Twann-TüscherzBE
17%
UebeschiBE
17%
Uetikon am SeeZH
17%
UnterramsernSO
17%
UntersiggenthalAG
17%
UrmeinGR
17%
UttigenBE
17%
VacalloTI
17%
ValbirseBE
17%
ValbroyeVD
17%
Valeyres-sous-MontagnyVD
17%
Valeyres-sous-RancesVD
17%
Valeyres-sous-UrsinsVD
17%
VallonFR
17%
VallorbeVD
17%
ValsotGR
17%
VarenVS
17%
VaulionVD
17%
VendlincourtJU
17%
VernateTI
17%
VernayazVS
17%
VérossazVS
17%
VétrozVS
17%
VexVS
17%
Villarsel-sur-MarlyFR
17%
VilleneuveVD
17%
VillorsonnensFR
17%
VinelzBE
17%
VinzelVD
17%
VionnazVS
17%
VouvryVS
17%
VuadensFR
17%
VuarrensVD
17%
VucherensVD
17%
VuiteboeufVD
17%
VulliensVD
17%
VullierensVD
17%
WachseldornBE
17%
WäldiTG
17%
WangenriedBE
17%
WartauSG
17%
WasterkingenZH
17%
WattenwilBE
17%
WattwilSG
17%
WeisslingenZH
17%
WelschenrohrSO
17%
WenslingenBL
17%
WidenAG
17%
WilchingenSH
17%
WildbergZH
17%
WilladingenBe
17%
WinznauSO
17%
WisenSO
17%
WitterswilSO
17%
WuppenauTG
17%
WyssachenBE
17%
ZeglingenBL
17%
ZetzwilAG
17%
ZiefenBL
17%
Zihlschlacht-SitterdorfTG
17%
Zillis-ReischenGR
17%
ZuzwilBE | SG
17%
Terre di PedemonteTI
0%
TschuggBE
0%
ValanginNE
0%
Vaux-sur-MorgesVD
0%
VenthôneVS
0%
VeyrasVS
0%
VeytauxVD
0%
VilleretBE
0%
VogornoTI
0%
VollègesVS
0%
Vugelles-La MotheVD
0%
WalperswilBE
0%
WiedlisbachBE
0%
WiggiswilBE
0%
ZielebachBE
0%
ZwieselbergBE
0%

Verteilung der Resultate

Perzentil nach korrekt beantworteten Fragen

Anzahl Personen mit jedem Resultat

Ihre Resultats-Entwicklung

Sie haben dieses Quiz seit der letzten Aktualisierung nicht gespielt